Normal view
MARC view
- النظم الدستورية الحديثة
Entry Topical Term
001 - CONTROL NUMBER
- control field: 59740
003 - CONTROL NUMBER IDENTIFIER
- control field: JO-AjAnu
005 - DATE AND TIME OF LATEST TRANSACTION
- control field: 20230606083752.0
008 - FIXED-LENGTH DATA ELEMENTS
- fixed length control field: 230606|| aca||aabn | a|a d
040 ## - CATALOGING SOURCE
- Original cataloging agency: JO-AjAnu
- Transcribing agency: JO-AjAnu
150 ## - HEADING--TOPICAL TERM
- Topical term or geographic name entry element: النظم الدستورية الحديثة
670 ## - SOURCE DATA FOUND
- Source citation: Work cat.: (JO-AjAnu)30466: اعداد: عبد حمد عبد سليمان الجبوري؛ اشراف: زيد ابراهيم الغرايبة, author 59739, الاساس القانوني في مبدأ توازن السلطات في النظم الدستورية الحديثة (دراسة مقارنة)=The Legal Foundation in Principle of Uthorities Balance in the Modern Constitutional System (A comparative Study